[Event "AUTO-OPEN-4154"]
[Site "http://www.queenalice.com/game.php?id=1605235"]
[Date "2020.4.1"]
[Round "1"]
[White "fjalves"]
[Black "Prola2020"]
[Result "1-0"]
[WhiteElo "1822"]
[BlackElo "1779"]

1. e4 e6 2. Nf3 d5 3. Nc3 Nf6 4. Bd3 Be7 5. exd5 Nxd5 6. Ne5 O-O 7. O-O Nb4 8.
Bxh7+ Kxh7 9. Qh5+ Kg8 10. d3 Nxc2 11. Rb1 Nc6 12. Ng6 fxg6 13. Qxg6 e5 14. Bh6
Rf7 15. Ne4 Bf5 16. Qg3 N6d4 17. Qxe5 Ne2+ 18. Kh1 gxh6 19. Nf6+ Rxf6 20. Qxe2
Bxd3 21. Qg4+ Rg6 22. Qh5 1-0

[Event "AUTO-ADV-4319"]
[Site "http://www.queenalice.com/game.php?id=1605494"]
[Date "2020.4.2"]
[Round "1"]
[White "fjalves"]
[Black "dadaspazzi"]
[Result "1-0"]
[WhiteElo "1795"]
[BlackElo "2057"]

1. e4 c5 2. Nf3 e6 3. Nc3 Nc6 4. Bb5 Nd4 5. O-O a6 6. Bc4 b5 7. Be2 Qc7 8. d3
Bd6 9. g3 Ne7 10. Ng5 h6 11. Nxf7 Kxf7 12. Be3 Rf8 13. Bh5+ Kg8 14. Qg4 1-0

[Event "AUTO-ADV-4319"]
[Site "http://www.queenalice.com/game.php?id=1605495"]
[Date "2020.4.2"]
[Round "1"]
[White "dadaspazzi"]
[Black "fjalves"]
[Result "0-1"]
[WhiteElo "2003"]
[BlackElo "1770"]

1. d4 d5 2. c4 c6 3. Nf3 Nf6 4. Nc3 e6 5. cxd5 cxd5 6. Bf4 Bd6 7. Bxd6 Qxd6 8.
e3 O-O 9. Rc1 Nc6 10. Bd3 e5 11. dxe5 Nxe5 12. Bb1 d4 13. Ne4 Qb4+ 0-1

[Event "AUTO-ADV-4319"]
[Site "http://www.queenalice.com/game.php?id=1605496"]
[Date "2020.4.2"]
[Round "1"]
[White "fjalves"]
[Black "Aguinaldo"]
[Result "0-1"]
[WhiteElo "1812"]
[BlackElo "2052"]

1. e4 e5 2. Nf3 d6 3. Bc4 Bg4 4. O-O Qf6 5. d4 exd4 6. Be2 Bxf3 7. Bxf3 Nd7 8.
Na3 O-O-O 9. Qd3 Ne5 10. Qb5 Nxf3+ 11. gxf3 Qxf3 12. Qd5 Nf6 13. Qxd4 Qg4+ 14.
Kh1 Qxe4+ 15. Qxe4 Nxe4 16. Be3 d5 17. Bxa7 b6 18. Nb5 Kb7 19. f3 Nf6 20. b3 c6
21. Bxb6 Kxb6 22. a4 cxb5 23. a5+ Ka6 24. c3 b4 25. c4 dxc4 26. bxc4 Rd3 27. Ra2
Bc5 28. f4 Rhd8 29. h4 Rh3+ 30. Kg2 Rc3 31. Re1 Rxc4 32. Ree2 Rxf4 33. Re5 Rg4+
34. Kf3 Rd3+ 35. Ke2 Rc3 36. Rd2 Rxh4 37. Rd8 Kxa5 38. Ra8+ Kb5 39. Rb8+ Ka4 40.
Ra8+ Kb3 41. Kd2 Rh2+ 42. Kd1 Be3 43. Rxe3 Rxe3 44. Rd8 Rc3 45. Rd2 Rxd2+ 46.
Kxd2 Kc4 0-1

[Event "AUTO-ADV-4319"]
[Site "http://www.queenalice.com/game.php?id=1605497"]
[Date "2020.4.2"]
[Round "1"]
[White "Aguinaldo"]
[Black "fjalves"]
[Result "1-0"]
[WhiteElo "1990"]
[BlackElo "1821"]

1. e4 e5 2. Nf3 Nc6 3. d3 d6 4. Be2 Nf6 5. Bg5 Be7 6. Nc3 O-O 7. Bxf6 Bxf6 8.
Qd2 Be6 9. O-O-O Nb4 10. a3 Na2+ 11. Nxa2 Bg4 12. Kb1 Bxf3 13. Bxf3 c6 14. g3 b5
15. Nc3 a5 16. h4 b4 17. axb4 axb4 18. Na2 Qa5 19. Qxb4 Rfb8 20. Qxa5 Rxa5 21.
Nc3 Rba8 22. Kc1 g5 23. Kd2 gxh4 24. gxh4 Kh8 25. Ke2 Bg7 26. h5 d5 27. exd5
cxd5 28. Bxd5 R8a7 29. Rdg1 f5 30. h6 Rxd5 31. Nxd5 f4 32. hxg7+ Rxg7 33. Rxg7
Kxg7 34. Kf3 Kg6 35. b4 h6 36. b5 h5 37. b6 Kg5 38. b7 1-0

[Event "AUTO-ADV-4319"]
[Site "http://www.queenalice.com/game.php?id=1605498"]
[Date "2020.4.2"]
[Round "1"]
[White "fjalves"]
[Black "Konig"]
[Result "0-1"]
[WhiteElo "1849"]
[BlackElo "1898"]

1. e4 c5 2. Bc4 e6 3. Nc3 Nf6 4. Nh3 Be7 5. e5 Ng8 6. O-O Nc6 7. Qe2 d6 8. exd6
Bxd6 9. d3 Qc7 10. f4 e5 11. Qh5 Nf6 12. Qg5 O-O 13. f5 e4 14. dxe4 Bxh2+ 15.
Kh1 Ne5 16. Nb5 Qc6 17. b3 Nxc4 18. bxc4 Nxe4 19. Qg4 Be5 20. Bh6 Ng3+ 21. Kg1
Qxh6 22. Rfe1 Bxf5 23. Qg5 Qxg5 24. Nxg5 Bxa1 25. Rxa1 Bxc2 26. Nc7 Rad8 27. Kh2
Rd3 28. Nf3 Ne4 29. Ne5 Re3 30. Nd7 Rd8 31. Ne5 h5 32. Rf1 f6 33. Ng6 Nd2 34.
Rf2 Bxg6 35. Nb5 Nxc4 36. Nxa7 Rd2 37. Rf4 Ne5 38. a4 Ng4+ 39. Rxg4 hxg4 0-1

[Event "AUTO-ADV-4319"]
[Site "http://www.queenalice.com/game.php?id=1605499"]
[Date "2020.4.2"]
[Round "1"]
[White "Konig"]
[Black "fjalves"]
[Result "0-1"]
[WhiteElo "1833"]
[BlackElo "1836"]

1. e4 e5 2. Nf3 d6 3. d4 Nd7 4. Bd3 Ngf6 5. O-O exd4 6. Nxd4 Be7 7. Nc3 O-O 8.
f4 Nc5 9. a3 Bg4 10. Be2 Qd7 11. Bxg4 Nxg4 12. f5 Bf6 13. Qxg4 Bxd4+ 14. Kh1 c6
15. Ne2 Be5 16. Bf4 Bxb2 17. Ra2 Be5 18. Bh6 Nxe4 19. Bxg7 Bxg7 20. Qxe4 d5 21.
Qd3 b5 22. f6 Bh6 23. Rf5 Rfe8 24. Rh5 Rxe2 25. Qg3+ Kh8 26. Ra1 Rg8 27. Qf3
Rexg2 28. Rxh6 R2g4 29. Qd3 R4g6 30. Rh5 Qg4 0-1

[Event "Challenge"]
[Site "http://www.queenalice.com/game.php?id=1612323"]
[Date "2020.5.15"]
[Round "-"]
[White "MADMIKE"]
[Black "fjalves"]
[Result "0-1"]
[WhiteElo "1820"]
[BlackElo "1834"]

1. d4 Nf6 2. d5 d6 3. c4 b6 4. Nc3 Bd7 5. e4 Na6 6. Nf3 Nc5 7. Bd3 c6 8. O-O
cxd5 9. exd5 g6 10. Bg5 Bg7 11. Rb1 Ng4 12. h3 Nxd3 13. Qxd3 Ne5 14. Nxe5 dxe5
15. f4 Bf5 16. Ne4 O-O 17. b4 exf4 18. Bxf4 e5 19. Be3 Qh4 20. g4 Bxe4 21. Qxe4
Qg3+ 22. Qg2 Qxe3+ 23. Kh1 e4 24. Rbe1 Qd4 25. Rxe4 Qd3 26. a4 a6 27. Rfe1 Bc3
28. Rd1 Bd2 29. Rxd2 Qb1+ 30. Kh2 Qxb4 31. d6 Qxa4 32. d7 Rad8 33. c5 Qc6 34.
cxb6 a5 35. Red4 Qxb6 36. g5 Qc7+ 37. Kg1 Qc5 38. h4 Rxd7 39. Qe4 Re7 40. Qf3
Re1+ 41. Kg2 Qb5 42. Rf2 a4 43. Qa3 Qc6+ 44. Rf3 Re2+ 45. Kg3 Qc7+ 46. Rdf4 Qc2
47. Rf2 Rxf2 48. Rxf2 Qc7+ 49. Rf4 Re8 50. Qxa4 Re3+ 51. Kf2 Rd3 52. Qe8+ Kg7
53. Qa4 Rd2+ 54. Ke3 Qc3+ 55. Ke4 Qd3+ 56. Ke5 Qd5# 0-1

[Event "Challenge"]
[Site "http://www.queenalice.com/game.php?id=1612324"]
[Date "2020.5.15"]
[Round "-"]
[White "fjalves"]
[Black "MADMIKE"]
[Result "0-1"]
[WhiteElo "1852"]
[BlackElo "1807"]

1. e4 e5 2. Nf3 d6 3. Nc3 Nf6 4. Bc4 h6 5. O-O Be7 6. d3 O-O 7. Nd5 Nxd5 8. Bxd5
c6 9. Bc4 b5 10. Bb3 Kh8 11. Be3 a5 12. c4 bxc4 13. Bxc4 c5 14. Bd5 Ra7 15. Qb3
Na6 16. Bxf7 Bf6 17. Bg6 Rb7 18. Qc3 Be6 19. Qd2 Bg4 20. Bxh6 gxh6 21. Qxh6+ Kg8
22. h3 Bxf3 23. gxf3 Bg5 24. Qh5 Rg7 25. Kh1 Qf6 26. Be8 Rh7 27. Qg6+ Rg7 28.
Qxf6 Bxf6 29. Bb5 Nc7 30. Bc4+ Kh8 31. a3 Bg5 32. Rg1 Bf4 33. Rxg7 Kxg7 34. Rg1+
Kf6 35. h4 Rh8 36. Rg4 Ne6 37. Kg2 Nd4 38. b3 Nc6 39. Bd5 Ne7 40. Kh3 Ng6 41.
Bc6 Bg5 42. Rxg5 Rxh4+ 43. Kg3 Kxg5 44. Be8 Nf4 45. Bd7 Nxd3 46. Bh3 Nc1 47. Be6
Ne2+ 48. Kg2 Nf4+ 0-1